Normal view
MARC view
Entry Topical Term
001 - CONTROL NUMBER
- control field: 6160
003 - CONTROL NUMBER IDENTIFIER
- control field: BD-RjUL
005 - DATE AND TIME OF LATEST TRANSACTION
- control field: 20221205172422.0
008 - FIXED-LENGTH DATA ELEMENTS
- fixed length control field: 221205|| aca||aabn | a|a d
040 ## - CATALOGING SOURCE
- Original cataloging agency: BD-RjUL
- Transcribing agency: BD-RjUL
150 ## - HEADING--TOPICAL TERM
- Topical term or geographic name entry element: Information system
670 ## - SOURCE DATA FOUND
- Source citation: Work cat.: (BD-RjUL)80897: Rahman, Md. Mujibor 6159, Analysis, design and development of a gis based municipal Information system for Rajshahi City Corporation, Bangladesh / , 2006